Institute of Art and Law (Record no. 119740)
[ view plain ]
| 000 -LEADER | |
|---|---|
| fixed length control field | 00711cam a2200193 4500 |
| 001 - CONTROL NUMBER | |
| control field | WS110349 |
| 008 - FIXED-LENGTH DATA ELEMENTS--GENERAL INFORMATION | |
| fixed length control field | 000000n 000 0 eng u |
| 035 ## - SYSTEM CONTROL NUMBER | |
| System control number | (Sirsi) u110349 |
| 110 ## - MAIN ENTRY--CORPORATE NAME | |
| Corporate name or jurisdiction name as entry element | Institute of Art and Law |
| 9 (RLIN) | 2984 |
| 245 ## - TITLE STATEMENT | |
| Title | Institute of Art and Law |
| 520 ## - SUMMARY, ETC. | |
| Summary, etc. | Site for this organisation which 'analyses the interface between the world of art and antiquities and that of law' describing the courses it runs and including past seminar papers. |
| 650 ## - SUBJECT ADDED ENTRY--TOPICAL TERM | |
| Topical term or geographic name entry element | FINE ART |
| 650 ## - SUBJECT ADDED ENTRY--TOPICAL TERM | |
| Topical term or geographic name entry element | Arts and antiques |
| 9 (RLIN) | 6217 |
| 650 ## - SUBJECT ADDED ENTRY--TOPICAL TERM | |
| Topical term or geographic name entry element | LAW |
| 650 ## - SUBJECT ADDED ENTRY--TOPICAL TERM | |
| Topical term or geographic name entry element | ORGANISATION |
| 690 ## - LOCAL SUBJECT ADDED ENTRY--TOPICAL TERM (OCLC, RLIN) | |
| Topical term or geographic name as entry element | Arts and antiques |
| 9 (RLIN) | 6217 |
| 856 40 - ELECTRONIC LOCATION AND ACCESS | |
| Uniform Resource Identifier | <a href="https://www.ial.uk.com/">https://www.ial.uk.com/</a> |
| Public note | View the website free of charge at www.ial.uk.com/... |
| 942 ## - ADDED ENTRY ELEMENTS (KOHA) | |
| Suppress in OPAC | 0 |
| Withdrawn status | Lost status | Source of classification or shelving scheme | Damaged status | Not for loan | Home library | Current library | Shelving location | Date acquired | Total Checkouts | Full call number | Barcode | Date last seen | Copy number | Price effective from | Koha item type |
|---|---|---|---|---|---|---|---|---|---|---|---|---|---|---|---|
| Dewey Decimal Classification | Virtual | Virtual | Online | 15/01/2001 | WEB SITE | 110349-2001 | 06/08/2019 | 1 | 06/08/2019 | Online material |